[Residència Ramon Llull]
Descripción Física:
il. ; 30 cm
Otros Autores:
Residència Universitària Ramon Llull (Barcelona)
MARC
| LEADER | 00000nam a2200000Ia 4500 | ||
|---|---|---|---|
| 001 | 21545, 21546 | ||
| 008 | 160829s1981 xx 000 0 cat d | ||
| 080 | |a FU-40-22, FU-40-23 | ||
| 245 | |a [Residència Ramon Llull] | ||
| 260 | |a [Barcelona : |b s.n.], |c 1981 | ||
| 300 | |a il. ; |c 30 cm | ||
| 590 | |a Prové de E-142. | ||
| 590 | |a Revista interna elaborada pels residents | ||
| 650 | |a Residència Universitària Ramon Llull (Barcelona) |x Revistes |9 47803 | ||
| 700 | |a Residència Universitària Ramon Llull (Barcelona) | ||
| 866 | |a 1981 (1, 2) | ||
| 901 | |a Arxiu | ||
| 942 | |n 1 | ||
| 952 | |0 0 |1 0 |4 0 |6 FU4022_FU4023 |7 1 |9 54124 |a Arxiu |b Arxiu |d 2016-12-01 |l 0 |o FU-40-22, FU-40-23 |p 21545, 21546 |r 2016-12-01 00:00:00 |w 2016-12-01 |y ARXIU | ||
| 999 | |c 57993 |d 57993 | ||